Grenada : Poverty Reduction Strategy Paper-Preparation Status Report.

The Poverty Reduction Strategy Papers (PRSPs) of Grenada outline the issues raised in the Joint Staff Assessment. In the area of poverty diagnostics, a more detailed discussion of poverty based on updated poverty data is provided. The PRSP will describe the links between poverty, growth, and unemplo...

תיאור מלא

מידע ביבליוגרפי
מחבר תאגידי: International Monetary Fund
פורמט: כתב-עת
שפה:English
יצא לאור: Washington, D.C. : International Monetary Fund, 2008.
סדרה:IMF Staff Country Reports; Country Report ; No. 2008/354
נושאים:
גישה מקוונת:Full text available on IMF
LEADER 01797cas a2200313 a 4500
001 AALejournalIMF005458
008 230101c9999 xx r poo 0 0eng d
020 |c 5.00 USD 
020 |z 9781451816525 
022 |a 1934-7685 
040 |a BD-DhAAL  |c BD-DhAAL 
110 2 |a International Monetary Fund. 
245 1 0 |a Grenada :   |b Poverty Reduction Strategy Paper-Preparation Status Report. 
264 1 |a Washington, D.C. :  |b International Monetary Fund,  |c 2008. 
300 |a 1 online resource (4 pages) 
490 1 |a IMF Staff Country Reports 
500 |a <strong>Off-Campus Access:</strong> No User ID or Password Required 
500 |a <strong>On-Campus Access:</strong> No User ID or Password Required 
506 |a Electronic access restricted to authorized BRAC University faculty, staff and students 
520 3 |a The Poverty Reduction Strategy Papers (PRSPs) of Grenada outline the issues raised in the Joint Staff Assessment. In the area of poverty diagnostics, a more detailed discussion of poverty based on updated poverty data is provided. The PRSP will describe the links between poverty, growth, and unemployment and the economic growth required to advance the social agenda. In the area of costing of initiatives, the full costs of social policies and programs, their relationship to the budgetary envelope, and identity of associated recurrent costs will be evaluated. 
538 |a Mode of access: Internet 
650 7 |a CR  |2 imf 
650 7 |a ISCR  |2 imf 
650 7 |a Policy  |2 imf 
650 7 |a Poverty Diagnostic  |2 imf 
650 7 |a Priority  |2 imf 
651 7 |a Grenada  |2 imf 
830 0 |a IMF Staff Country Reports; Country Report ;  |v No. 2008/354 
856 4 0 |z Full text available on IMF  |u http://elibrary.imf.org/view/journals/002/2008/354/002.2008.issue-354-en.xml  |z IMF e-Library